000
00289nam a2200109Ia 4500
008
200302s9999 xx 000 0 und d
100
_a
Elizabeth Boults and Others
245
_a
Illustrated history of landscape design
260
_b
John Willey and Sons Inc.
260
_c
2010
300
_a
260
999
_c
6534
_d
6534